Farmakochemie

Gespeichert in:
Bibliographische Detailangaben
Hauptverfasser: Hampl, František (Verfasst von), Paleček, Jaroslav (Verfasst von)
Format: Buch
Sprache:Tschechisch
Veröffentlicht: Praha : Vydavatelství VŠCHT, 2002
Tags: Tag hinzufügen
Keine Tags, Fügen Sie das erste Tag hinzu!

MARC

LEADER 00000nam a22000003a 4500
001 stu78310
005 20150617225643.5
008 021211s2002----xr------------------cze-d
020 |a 80-7080-495-5 
040 |a STU  |b slo 
041 0 |a cze 
044 |a xr 
080 |a 615.015(075.8) 
100 1 |a Hampl, František  |4 aut 
245 1 |a Farmakochemie 
260 |a Praha :  |b Vydavatelství VŠCHT,  |c 2002 
300 |a 413 s. Obr.,lit.,index 
500 |a (Dočasná vysokoškolská učebnica) 
700 1 |a Paleček, Jaroslav  |4 aut 
996 |b CS74813  |c C*S74813  |l CCIV  |s P  |a 0  |w stu78310_0001 
996 |b CS73684  |c C*S73684  |l CCVIIA  |s P  |a 0  |w stu78310_0002